000 01128cam a2200325 4500
001 2650
003 BD-RjUL
005 20211208233609.0
008 720215s1970 nyuae b 000 0 eng
020 _c: Tk. 56.00
035 _a(BD-RjUL)2677
040 _aDLC
_cDLC
_dDLC
_dBD-RjUL
_beng
041 _aeng
051 _aTH860
_b.U554
_cCopy 2.
082 0 0 _a720
_223
_bUNM 1970
110 2 _aUnited Nations.
_bDepartment of Economic and Social Affairs.
_9158670
245 1 0 _aModular co-ordination of low-cost housing /
_cUnited Nations. Department of Economic and Social Affairs.
260 _aNew York :
_bUnited Nations,
_c1970.
300 _ax, 220 p. :
_bill. ;
_c28 cm.
350 _a3.50
410 2 0 _a[United Nations.
_tDocument]
_vST/SOA/90
500 _a"United Nations publication. Sales no.: E.69.IV.5."
504 _aIncludes bibliographical references.
650 0 _aModular coordination (Architecture)
_9158666
650 0 _aWorking class
_xDwellings.
_9158667
650 0 _aHousing.
_9158668
830 _aUnited Nations Document ;
_vST/SOA/90
_9158671
942 _2ddc
_cBK
999 _c2650
_d2650